| 000 | 00353nam a2200157Ia 4500 | ||
|---|---|---|---|
| 100 | _aMali/Dilip/ Vasmbekar/P | ||
| 650 | _aC | ||
| 942 | _cBK | ||
| 366 | _f20 | ||
| 654 | _aC | ||
| 245 | _aC Application programs and projects | ||
| 260 |
_bPenram international _aNew Delhi _c2007 |
||
| 082 |
_a005.133/MAL _bMAL |
||
| 300 | _a267 | ||
| 546 | _aENGLISH | ||
| 999 |
_c35002 _d35002 |
||